[Event "Barcelona Sant Marti op-B 21st"]
[Site "Barcelona"]
[Date "2019.07.14"]
[Round "2"]
[White "Quiros Garcia, Luis"]
[Black "Santos Ramos, Carlos"]
[Result "0-1"]
[WhiteElo "1449"]
[BlackElo "1818"]
[PlyCount "68"]
[EventDate "2019.07.13"]
[EventType "swiss"]
[EventRounds "9"]
[EventCountry "ESP"]
[SourceTitle "EXT 2020"]
[Source "ChessBase"]
[SourceDate "2019.10.17"]
[SourceVersion "1"]
[SourceVersionDate "2019.10.17"]
[SourceQuality "1"]

1. e4 e5 2. Nf3 Nc6 3. Bb5 Nf6 4. d4 exd4 5. e5 Qe7 6. 0-0 Ng4 7. Bg5 Qe6 8. Bxc6 dxc6 9. Qxd4 Be7 10. Nc3 0-0 11. Bxe7 Qxe7 12. Rad1 Bf5 13. Qf4 Nh6 14. Rd2 Rad8 15. Rfd1 Rxd2 16. Rxd2 Rd8 17. Re2 Qc5 18. Nh4 Qxc3 19. h3 Qd4 20. Qg5 Be6 21. Re3 Qd2 22. Qe7 Kh8 23. Rd3 Rxd3 24. cxd3 Qe1+ 25. Kh2 Qxe5+ 26. g3 Ng8 27. Qf8 Qxb2 28. Kg2 Bd5+ 29. Kf1 Qc2 30. Ke1 Qxd3 31. g4 Qc3+ 32. Ke2 Bc4+ 33. Kd1 Qxh3 34. Nf5 Qxg4+ 0-1

[Event "Barcelona Seniors 55 op 6th"]
[Site "Barcelona"]
[Date "2019.03.18"]
[Round "3.7"]
[White "Palacin Martin, Ricardo"]
[Black "Santos Ramos, Carlos"]
[Result "1-0"]
[WhiteElo "1981"]
[BlackElo "1874"]
[PlyCount "105"]
[EventDate "2019.03.04"]
[EventType "swiss"]
[EventRounds "9"]
[EventCountry "ESP"]
[SourceTitle "EXT 2024"]
[Source "ChessBase"]
[SourceDate "2023.10.10"]
[SourceVersion "1"]
[SourceVersionDate "2023.10.10"]
[SourceQuality "1"]

1. e4 e6 2. d4 d5 3. Nd2 dxe4 4. Nxe4 Nf6 5. Bd3 Nc6 6. Nf3 Be7 7. c3 0-0 8. 0-0 Bd7 9. Re1 Re8 10. h3 h6 11. Bf4 Nxe4 12. Bxe4 Bd6 13. Qd2 Qf6 14. Ne5 Bxe5 15. dxe5 Qe7 16. Bxh6 Nxe5 17. Bf4 Nc4 18. Qe2 Nd6 19. Bxd6 cxd6 20. Bxb7 Rab8 21. Bf3 Qg5 22. b3 e5 23. Qe3 Qf6 24. Rad1 Rb6 25. Rd2 Qg6 26. Bd5 Kh7 27. Qe4 Qxe4 28. Rxe4 f5 29. Rc4 Rc8 30. Rxc8 Bxc8 31. h4 Kh6 32. g3 g5 33. hxg5+ Kxg5 34. f3 Kf6 35. f4 e4 36. Kf2 Ke7 37. Ke3 Be6 38. Kd4 Rb8 39. Rh2 Bxd5 40. Kxd5 Rb5+ 41. Kd4 Ra5 42. a4 Kd7 43. c4 Kc6 44. Rh6 Kd7 45. Rg6 Ra6 46. g4 fxg4 47. Rxg4 Rb6 48. Rg3 Kc6 49. Kxe4 Kc5 50. Rg5+ Kc6 51. Rb5 Ra6 52. f5 Kd7 53. Kf4 1-0

[Event "Catalunya-ch Seniors 34th"]
[Site "Lloret del Mar"]
[Date "2018.05.19"]
[Round "1"]
[White "Santos Ramos, Carlos"]
[Black "Palacin Martin, Ricardo"]
[Result "1/2-1/2"]
[WhiteElo "1850"]
[BlackElo "2086"]
[PlyCount "97"]
[EventDate "2018.05.19"]
[EventType "swiss"]
[EventRounds "9"]
[EventCountry "ESP"]
[SourceTitle "CBM 184 Extra"]
[Source "ChessBase"]
[SourceDate "2018.06.28"]
[SourceVersion "1"]
[SourceVersionDate "2018.06.28"]
[SourceQuality "1"]

1. d4 d5 2. Nf3 e6 3. Bf4 c5 4. e3 Nc6 5. c3 Nf6 6. h3 Be7 7. Bd3 0-0 8. 0-0 b6 9. Re1 Bb7 10. Nbd2 Nh5 11. Bh2 f5 12. Ng5 Bxg5 13. Qxh5 g6 14. Qe2 Qd7 15. Nf3 Bf6 16. Rad1 c4 17. Bb1 b5 18. h4 a5 19. h5 b4 20. hxg6 hxg6 21. Ne5 Qg7 22. f4 Bxe5 23. fxe5 Ne7 24. g4 bxc3 25. bxc3 Kf7 26. Rf1 Bc6 27. Rf2 Rab8 28. gxf5 gxf5+ 29. Rg2 Qh7 30. Rf1 Rg8 31. Rxg8 Rxg8+ 32. Kh1 Qh3 33. Rg1 Rxg1+ 34. Kxg1 Ng6 35. Bc2 Be8 36. Bd1 Kg7 37. Qf3 Qxf3 38. Bxf3 Ba4 39. Bg3 Bc2 40. Kf2 a4 41. a3 Ne7 42. Ke1 Kg6 43. Bh4 Nc6 44. Kd2 Bb3 45. Kc1 Nb8 46. Be7 Nd7 47. Kb2 Kf7 48. Bg5 Kg6 49. Be7 1/2-1/2

[Event "Barcelona Sant Marti op-B 5th"]
[Site "Barcelona"]
[Date "2016.02.25"]
[Round "7"]
[White "Santos Ramos, Carlos"]
[Black "Niubo Calvo, Juan"]
[Result "1-0"]
[WhiteElo "1899"]
[BlackElo "1799"]
[PlyCount "82"]
[EventDate "2016.01.14"]
[EventType "swiss"]
[EventRounds "9"]
[EventCountry "ESP"]
[SourceTitle "EXT 2017"]
[Source "ChessBase"]
[SourceDate "2016.10.25"]
[SourceVersion "1"]
[SourceVersionDate "2016.10.25"]
[SourceQuality "1"]

1. e4 e5 2. Nf3 Nc6 3. Bb5 Nf6 4. 0-0 Be7 5. d3 d6 6. c3 0-0 7. h3 a6 8. Ba4 b5 9. Bb3 Be6 10. Bc2 d5 11. exd5 Qxd5 12. Re1 Rad8 13. Bg5 e4 14. dxe4 Qxd1 15. Bxd1 Nxe4 16. Bxe7 Nxe7 17. Bc2 Nc5 18. Nbd2 Rfe8 19. b4 Nd3 20. Re3 Nf4 21. Rae1 Nfd5 22. Rd3 Nf4 23. Rxd8 Rxd8 24. Nd4 Neg6 25. Nxe6 Nxe6 26. Ne4 Ngf4 27. Bb3 h6 28. Kh2 Nd5 29. Rd1 c6 30. g3 Kf8 31. f4 f5 32. Bxd5 fxe4 33. Bb3 Rxd1 34. Bxd1 Nc7 35. Bb3 Nd5 36. c4 Nxb4 37. cxb5 axb5 38. a4 bxa4 39. Bxa4 Kf7 40. Kg2 c5 41. Bb3+ Nd5 1-0

[Event "Mataro Maresme op 6th"]
[Site "Mataro"]
[Date "2013.04.20"]
[Round "4.2"]
[White "Franch Guiral, Ramon"]
[Black "Santos Ramos, Carlos"]
[Result "1-0"]
[WhiteElo "2094"]
[BlackElo "2036"]
[PlyCount "127"]
[EventDate "2013.04.06"]
[EventType "swiss"]
[EventRounds "9"]
[EventCountry "ESP"]
[SourceTitle "EXT 2024"]
[Source "ChessBase"]
[SourceDate "2023.10.10"]
[SourceVersion "1"]
[SourceVersionDate "2023.10.10"]
[SourceQuality "1"]

1. e4 g6 2. d4 Bg7 3. c3 d6 4. Bd3 e5 5. d5 Nf6 6. Ne2 Nbd7 7. 0-0 Nc5 8. f3 Nxd3 9. Qxd3 0-0 10. c4 Bd7 11. Nbc3 a5 12. Be3 b6 13. a3 Nh5 14. g4 Nf6 15. h3 h5 16. Bg5 hxg4 17. hxg4 Qc8 18. Bxf6 Bxf6 19. Kg2 Kg7 20. Rh1 Qb7 21. Rh2 Rh8 22. Rah1 Rxh2+ 23. Rxh2 Rh8 24. Rxh8 Kxh8 25. Qb1 b5 26. cxb5 Bxb5 27. Nxb5 Qxb5 28. Qc2 Qb6 29. Nc3 Bh4 30. a4 Qe3 31. Qe2 Qc1 32. Nb5 Bg5 33. Nc3 Be3 34. Nd1 Bb6 35. Kf1 Qc5 36. Nf2 Qc1+ 37. Nd1 Bd4 38. Ke1 Bc5 39. Qd3 Qf4 40. Nc3 Qh2 41. Qe2 Qg1+ 42. Kd2 Bb4 43. Kc2 Qd4 44. Nb5 Qc5+ 45. Kb3 Kg7 46. Nc3 c6 47. dxc6 Qxc6 48. Nd5 Qc5 49. Qe3 Qxe3+ 50. Nxe3 Kh6 51. Kc4 Kg5 52. Nd5 Be1 53. Kd3 f5 54. gxf5 gxf5 55. Ke2 Bh4 56. b4 axb4 57. Nxb4 fxe4 58. fxe4 Kf4 59. a5 Bd8 60. a6 Ba5 61. a7 Bxb4 62. a8Q Bc5 63. Kd3 Kg5 64. Qf8 1-0

[Event "Barcelona Sant Marti op 1st"]
[Site "Barcelona"]
[Date "2012.02.02"]
[Round "2"]
[White "Rosich Valles, Alfredo"]
[Black "Santos Ramos, Carlos"]
[Result "1-0"]
[WhiteElo "2357"]
[BlackElo "1908"]
[PlyCount "105"]
[EventDate "2012.01.26"]
[EventType "swiss"]
[EventRounds "9"]
[EventCountry "ESP"]
[SourceTitle "EXT 2013"]
[Source "ChessBase"]
[SourceDate "2012.11.22"]
[SourceVersion "1"]
[SourceVersionDate "2012.11.22"]
[SourceQuality "1"]

1. e4 e5 2. Nf3 Nc6 3. Nc3 Nf6 4. d4 exd4 5. Nd5 Be7 6. Nxd4 Nxd4 7. Qxd4 0-0 8. Bd3 Nxd5 9. Qxd5 c6 10. Qh5 g6 11. Qh6 Bf6 12. 0-0 d5 13. c3 dxe4 14. Bxe4 Bg7 15. Qf4 Be6 16. Be3 Qa5 17. Qg5 Qxg5 18. Bxg5 f6 19. Be3 Rfe8 20. Rfe1 Bxa2 21. Bxc6 bxc6 22. Rxa2 Re7 23. Rea1 f5 24. Kf1 Rb7 25. Bxa7 Kf7 26. Be3 Rxa2 27. Rxa2 Ke6 28. Ke2 Kd5 29. Kd3 h6 30. Ra5+ Ke6 31. b4 g5 32. Ra7 Rxa7 33. Bxa7 Be5 34. h3 h5 35. c4 g4 36. Bd4 Bd6 37. c5 Bc7 38. Kc4 f4 39. hxg4 f3 40. g3 hxg4 41. Be3 Be5 42. b5 cxb5+ 43. Kxb5 Kd7 44. Kb6 Kc8 45. Kc6 Bb8 46. Kd5 Kd7 47. c6+ Kc8 48. Bb6 Bc7 49. Bxc7 Kxc7 50. Kc5 Kc8 51. Kd6 Kd8 52. Ke5 Kc7 53. Kf4 1-0